000 00886naa a22002777a 4500
001 BR7311197
003 BR-BrBNA
005 20240918173533.0
007 ta
008 230509b bl.||||| |||| 00| 0 por d
040 _aBR-BrBNA
_bpor
_cBiblioteca Nacional de Agricultura
041 _a(Pt)
072 _aD50; F00
_b3575
_bG514
090 _aD50 BR7311197
100 1 _aLena, J.T.S.
100 1 _aSadowoy, Z.
245 1 _aLegislacao brasileira sobre sementes
260 3 _aPorto Alegre, RS (Brasil):
_c1973.
500 _aCurso sobre producao de sementes de trigo Porto Alegre, RS (Brasil): 1973. p. 1-6 (BR7311197-AM)D50
650 _aLEGISLACAO
650 _aDECRETO
650 _aSEMENTE
773 0 _tCurso sobre producao de sementes de trigo
_wD50 BR7311197
_gPorto Alegre, RS (Brasil), 1973. p. 1-6
909 _a202404
_bLucia
_c55
_dLucia Elande
942 _cAM
_2AGRIS
999 _c305240
_d305240